[Event "España ch sub-14 2007"]
[Site "Linares ESP"]
[Date "2007.07.20"]
[Round "9.6"]
[White "Jimenez Lupiañez, Laura"]
[Black "Garcia Gil, Bernandino"]
[Result "0-1"]
[WhiteElo "1935"]
[BlackElo "1920"]
[PlyCount "80"]
[EventDate "2007.07.15"]
[EventType "swiss"]
[EventRounds "9"]
[EventCountry "ESP"]
[Source "lmi"]
[SourceDate "2007.07.15"]

1. d4 c5 2. d5 e5 3. e4 d6 4. Nc3 a6 5. a4 g6 6. h4 h6 7. h5 g5 8. Be2 Bg7 9.
Bg4 Ne7 10. Bxc8 Qxc8 11. Nge2 f5 12. exf5 Nxf5 13. Ne4 O-O 14. N2c3 Qc7 15. a5
Nd7 16. O-O Nf6 17. Nxf6+ Rxf6 18. Ne4 Rf7 19. Qd3 Qd7 20. b4 cxb4 21. Bd2 Nh4
22. Qg3 Raf8 23. f3 Qb5 24. Qf2 Rd7 25. Qb6 Qxd5 26. Bxb4 g4 27. Rad1 Qa2 28.
Bxd6 Rfd8 29. Rd2 gxf3 30. gxf3 Nf5 31. Rfd1 Nd4 32. Kf2 Qf7 33. Rd3 Qf4 34.
Kg2 Nxf3 35. Rxf3 Qxe4 36. Qb3+ Kh8 37. Qd3 Qc6 38. Qg6 Rxd6 39. Rxd6 Rxd6 40.
Qg3 Rf6 0-1

[Event "España ch sub-14 2007"]
[Site "Linares ESP"]
[Date "2007.07.20"]
[Round "9.7"]
[White "Vidal Zamora, Alex"]
[Black "Colon Garcia, Enrique"]
[Result "1/2-1/2"]
[WhiteElo "1892"]
[BlackElo "2041"]
[PlyCount "54"]
[EventDate "2007.07.15"]
[EventType "swiss"]
[EventRounds "9"]
[EventCountry "ESP"]
[Source "lmi"]
[SourceDate "2007.07.15"]

1. e4 c5 2. Nf3 d6 3. d4 cxd4 4. Nxd4 Nf6 5. Nc3 a6 6. Be2 e5 7. Nb3 Be7 8. O-O
O-O 9. Be3 Be6 10. f4 exf4 11. Bxf4 Nc6 12. h3 Rc8 13. Qe1 Nd7 14. Rd1 Nde5 15.
Kh1 Ng6 16. Bg3 Nce5 17. Nd4 Qb6 18. Na4 Qc7 19. Nc3 Rfd8 20. Qf2 Bf6 21. Qe3
Bh4 22. Bxh4 Nxh4 23. Nf5 Nhg6 24. h4 Ne7 25. Qg3 Bxf5 26. exf5 f6 27. Ne4 Kh8
1/2-1/2

[Event "España ch sub-14 2007"]
[Site "Linares ESP"]
[Date "2007.07.20"]
[Round "9.8"]
[White "Pruja Ramirez De Cartagena, Marc"]
[Black "Palomo Teruel, Xavier"]
[Result "1-0"]
[WhiteElo "2022"]
[BlackElo "1832"]
[PlyCount "123"]
[EventDate "2007.07.15"]
[EventType "swiss"]
[EventRounds "9"]
[EventCountry "ESP"]
[Source "lmi"]
[SourceDate "2007.07.15"]

1. e4 c5 2. Nf3 Nc6 3. d4 cxd4 4. Nxd4 Nf6 5. Nc3 e5 6. Ndb5 d6 7. Bg5 a6 8.
Na3 Be6 9. Bxf6 gxf6 10. Nd5 Bxd5 11. exd5 Nb8 12. Bd3 Nd7 13. O-O Nb6 14. Bf5
Nc8 15. Qf3 Ne7 16. Bd3 Ng6 17. g3 Bg7 18. Nc4 Qe7 19. Ne3 O-O-O 20. Nf5 Qf8
21. Qg4 Kb8 22. Qb4 Ka7 23. Qa5 Rc8 24. b4 Rg8 25. b5 Rc5 26. Qa3 Qd8 27. bxa6
Ra5 28. Qb4 b6 29. Qxd6 Rxd5 30. Qc6 Qd7 31. Qxd7+ Rxd7 32. Bb5 Rc7 33. Rad1
Ne7 34. Nxg7 Rxg7 35. Rd6 f5 36. Rfd1 Rg8 37. c4 Ng6 38. h4 Rgc8 39. Rd7 Nf8
40. R7d5 Re7 41. Re1 Rc5 42. Rxc5 bxc5 43. Rd1 Ne6 44. Rd5 f6 45. a4 h6 46. Kf1
h5 47. Rd6 Nc7 48. Rxf6 Re6 49. Rxf5 Nxa6 50. Rxh5 Nb4 51. Ke2 Nc2 52. Rh7+ Kb6
53. h5 Nd4+ 54. Kf1 Nf3 55. Rg7 Ka5 56. Rg6 Re7 57. h6 e4 58. Rg7 Re6 59. h7
Rh6 60. Ke2 Rh1 61. Ke3 Re1+ 62. Kf4 1-0

[Event "España ch sub-14 2007"]
[Site "Linares ESP"]
[Date "2007.07.20"]
[Round "9.9"]
[White "Montañes Arribas, Adrian"]
[Black "Suarez Calvo, Alesandra"]
[Result "1/2-1/2"]
[WhiteElo "1811"]
[BlackElo "1970"]
[PlyCount "69"]
[EventDate "2007.07.15"]
[EventType "swiss"]
[EventRounds "9"]
[EventCountry "ESP"]
[Source "lmi"]
[SourceDate "2007.07.15"]

1. e4 e6 2. d3 d5 3. Nd2 c5 4. Ngf3 Nc6 5. g3 g6 6. Bg2 Bg7 7. O-O Nge7 8. Re1
b6 9. a3 a5 10. Qe2 Ra7 11. Nf1 h6 12. h4 O-O 13. e5 a4 14. N1h2 Nf5 15. c3 Ba6
16. Bf4 Na5 17. Ng4 Nb3 18. Rad1 d4 19. Nf6+ Bxf6 20. exf6 Qxf6 21. Be5 Qe7 22.
h5 g5 23. g4 Ng7 24. cxd4 f6 25. Bg3 cxd4 26. Qe4 f5 27. gxf5 Bb7 28. Qe5 Rxf5
29. Qb8+ Qf8 30. Qxa7 Bxf3 31. Bxf3 Rxf3 32. Qxa4 Rxg3+ 33. fxg3 Qf3 34. Kh2
Qf2+ 35. Kh1 1/2-1/2

[Event "España ch sub-14 2007"]
[Site "Linares ESP"]
[Date "2007.07.20"]
[Round "9.10"]
[White "Pacheco Bubi, Rafael"]
[Black "Llamazares Lopez, Marcos"]
[Result "1-0"]
[WhiteElo "1878"]
[BlackElo "1959"]
[PlyCount "53"]
[EventDate "2007.07.15"]
[EventType "swiss"]
[EventRounds "9"]
[EventCountry "ESP"]
[Source "lmi"]
[SourceDate "2007.07.15"]

1. e4 c5 2. Nf3 Nc6 3. d4 cxd4 4. Nxd4 g6 5. Nc3 Bg7 6. Nb3 Nf6 7. Be2 d6 8.
O-O O-O 9. Re1 b6 10. Bf1 Bb7 11. Bg5 Ne5 12. Nd5 Ned7 13. c3 Re8 14. Qd2 Rc8
15. Rad1 Bxd5 16. exd5 Nc5 17. Nxc5 dxc5 18. Ba6 Rb8 19. Bf4 h5 20. Bxb8 Qxb8
21. Bb5 Rd8 22. Rxe7 Rxd5 23. Qxd5 Nxd5 24. Re8+ Qxe8 25. Bxe8 Kf8 26. Bb5 Nc7
27. Rd8+ 1-0

[Event "España ch sub-14 2007"]
[Site "Linares ESP"]
[Date "2007.07.20"]
[Round "9.12"]
[White "Vila Gonzalez, Daniel"]
[Black "Aranaz Murillo, Amalia"]
[Result "1-0"]
[WhiteElo "2004"]
[BlackElo "1706"]
[PlyCount "80"]
[EventDate "2007.07.15"]
[EventType "swiss"]
[EventRounds "9"]
[EventCountry "ESP"]
[Source "lmi"]
[SourceDate "2007.07.15"]

1. e4 c6 2. Nc3 d5 3. Qf3 dxe4 4. Nxe4 Nd7 5. d4 Ndf6 6. Bd3 Nxe4 7. Qxe4 Nf6
8. Qh4 e6 9. Nf3 Be7 10. Qg3 O-O 11. Bh6 Ne8 12. O-O-O Qa5 13. Kb1 Bd6 14. Bf4
Bxf4 15. Qxf4 Nf6 16. Ne5 Nd5 17. Qh4 h6 18. c3 c5 19. dxc5 Qxc5 20. Rhe1 a5
21. g4 f6 22. Ng6 Rd8 23. Be4 a4 24. Qh5 a3 25. Rxd5 exd5 26. Bxd5+ Kh7 27.
Bg8+ Rxg8 28. Qxc5 Kxg6 29. Qh5+ Kh7 30. bxa3 Rd8 31. h3 Rd2 32. Qc5 Ra6 33.
Qxc8 Rb6+ 34. Kc1 Rbb2 35. Qf5+ Kg8 36. Re8+ Kf7 37. Qe6+ Kg6 38. Qe4+ Kf7 39.
Re7+ Kf8 40. Rxb7 Rd5 1-0